[Event "45. Torneo Internacional La Roda 2018"]
[Site "La Roda ESP"]
[Date "2018.03.28"]
[Round "1.1"]
[White "De Lucas Bello, Federico"]
[Black "Fedorchuk, Sergey A."]
[Result "0-1"]
[WhiteElo "1995"]
[BlackElo "2642"]
[PlyCount "60"]
[EventDate "2018.03.28"]
[EventType "swiss"]
[EventRounds "9"]
[EventCountry "ESP"]
[SourceTitle "Ajedrez en Madrid"]
[Source "lmi"]
[SourceDate "2018.03.28"]

1. e4 c5 2. Nf3 e6 3. d4 cxd4 4. Nxd4 a6 5. Bd3 Bc5 6. Nb3 Be7 7. O-O d6 8. a4
Nf6 9. Nc3 b6 10. Nd4 Bb7 11. Kh1 Nbd7 12. f4 O-O 13. Qe2 Nc5 14. Bd2 Re8 15.
Rf3 Bf8 16. Rh3 g6 17. Rf1 Bg7 18. Nf3 Qc7 19. Ng5 Ncd7 20. Be3 h6 21. Nf3 Nc5
22. Bd2 Bc6 23. e5 Nfd7 24. exd6 Qxd6 25. Ne4 Bxe4 26. Bxe4 Rac8 27. c3 Nxe4
28. Qxe4 Nc5 29. Qc2 Qd3 30. Qd1 Qc4 0-1

[Event "45. Torneo Internacional La Roda 2018"]
[Site "La Roda ESP"]
[Date "2018.03.28"]
[Round "1.2"]
[White "Perez Candelario, Manuel"]
[Black "Garcia Galeote, Lorenzo"]
[Result "1-0"]
[WhiteElo "2586"]
[BlackElo "1992"]
[PlyCount "57"]
[EventDate "2018.03.28"]
[EventType "swiss"]
[EventRounds "9"]
[EventCountry "ESP"]
[SourceTitle "Ajedrez en Madrid"]
[Source "lmi"]
[SourceDate "2018.03.28"]

1. e4 b6 2. d4 Bb7 3. Bd3 Nf6 4. Nd2 e6 5. Ngf3 d5 6. e5 Nfd7 7. Qe2 Qc8 8. O-O
Be7 9. c4 c5 10. Rd1 O-O 11. b3 cxd4 12. Bb2 dxc4 13. Nxc4 Nc5 14. Nxd4 Nxd3
15. Rxd3 Nc6 16. Nb5 Nb4 17. Rg3 Nd5 18. Nbd6 Qd7 19. Rd1 f5 20. exf6 Bxf6 21.
Nxb7 Bxb2 22. Nxb2 Rab8 23. Nd6 Qxd6 24. Nc4 Nf4 25. Qg4 Qe7 26. Re1 Rbd8 27.
h4 h5 28. Qg5 Qb4 29. Qxg7# 1-0

[Event "45. Torneo Internacional La Roda 2018"]
[Site "La Roda ESP"]
[Date "2018.03.28"]
[Round "1.3"]
[White "Cordoba Picazo, Manuel Javier"]
[Black "Ibarra Jerez, Jose Carlos"]
[Result "0-1"]
[WhiteElo "1986"]
[BlackElo "2569"]
[PlyCount "50"]
[EventDate "2018.03.28"]
[EventType "swiss"]
[EventRounds "9"]
[EventCountry "ESP"]
[SourceTitle "Ajedrez en Madrid"]
[Source "lmi"]
[SourceDate "2018.03.28"]

1. d4 Nf6 2. c4 d6 3. Nc3 e5 4. dxe5 dxe5 5. Qxd8+ Kxd8 6. e4 c6 7. f4 Bd6 8.
fxe5 Bxe5 9. Bd2 Re8 10. O-O-O Ng4 11. h3 Nf2 12. Nf3 Nxd1 13. Nxd1 Bc7 14. Bd3
Nd7 15. Bc2 Ne5 16. b3 a5 17. Nc3 f6 18. Be3 Ke7 19. Na4 Kf7 20. Nb6 Rb8 21.
Nxc8 Rbxc8 22. c5 Rcd8 23. a3 Nd3+ 24. Kb1 Rxe4 25. Bd2 Re2 0-1

[Event "45. Torneo Internacional La Roda 2018"]
[Site "La Roda ESP"]
[Date "2018.03.28"]
[Round "1.4"]
[White "Forcen Esteban, Daniel"]
[Black "Prats Rodriguez, Juan Bosco"]
[Result "1-0"]
[WhiteElo "2564"]
[BlackElo "1986"]
[PlyCount "79"]
[EventDate "2018.03.28"]
[EventType "swiss"]
[EventRounds "9"]
[EventCountry "ESP"]
[SourceTitle "Ajedrez en Madrid"]
[Source "lmi"]
[SourceDate "2018.03.28"]

1. e4 d6 2. d4 Nf6 3. Nc3 g6 4. f4 Bg7 5. Nf3 O-O 6. Be3 Ng4 7. Bg1 c5 8. dxc5
Qa5 9. Qd2 dxc5 10. Nd5 Qxd2+ 11. Nxd2 Nc6 12. Bb5 Nd4 13. Nxe7+ Kh8 14. Bd3
Be6 15. c3 Rfe8 16. Nxg6+ fxg6 17. cxd4 cxd4 18. Ke2 Bd5 19. Kf3 Be6 20. h3 Nh6
21. Nb3 Red8 22. Nc5 Bg8 23. Nxb7 Rdb8 24. Ba6 Rc8 25. Bf2 Rc6 26. Bd3 Rb6 27.
Na5 Rxb2 28. Nc4 Rb4 29. Rhc1 Rc8 30. Nd6 Rc3 31. Rxc3 dxc3 32. e5 Bd5+ 33. Ne4
Nf7 34. Bc5 Ra4 35. Ke3 Nxe5 36. fxe5 Bxe5 37. a3 Bg7 38. Bb4 Bxe4 39. Kxe4 a5
40. Bc2 1-0

[Event "45. Torneo Internacional La Roda 2018"]
[Site "La Roda ESP"]
[Date "2018.03.28"]
[Round "1.5"]
[White "Gonzalez Manchon, Juan Miguel"]
[Black "Korneev, Oleg"]
[Result "0-1"]
[WhiteElo "1978"]
[BlackElo "2557"]
[PlyCount "48"]
[EventDate "2018.03.28"]
[EventType "swiss"]
[EventRounds "9"]
[EventCountry "ESP"]
[SourceTitle "Ajedrez en Madrid"]
[Source "lmi"]
[SourceDate "2018.03.28"]

1. e4 c5 2. Nf3 e6 3. d4 cxd4 4. Nxd4 Nc6 5. Nc3 Qc7 6. Be3 a6 7. Be2 Nf6 8.
Nxc6 bxc6 9. O-O d5 10. Qd2 Bd6 11. h3 O-O 12. Rad1 Bb7 13. Bg5 Be5 14. Bd3 c5
15. exd5 exd5 16. Rfe1 Rfe8 17. Bxf6 Bxf6 18. Rxe8+ Rxe8 19. Re1 Rxe1+ 20. Qxe1
g6 21. b3 Qa5 22. Qe8+ Kg7 23. Qd7 Qxc3 24. Qxb7 Qe1+ 0-1

[Event "45. Torneo Internacional La Roda 2018"]
[Site "La Roda ESP"]
[Date "2018.03.28"]
[Round "1.6"]
[White "Epishin, Vladimir"]
[Black "Gonzalez Berruga, Ana Isabel"]
[Result "1-0"]
[WhiteElo "2551"]
[BlackElo "1977"]
[PlyCount "53"]
[EventDate "2018.03.28"]
[EventType "swiss"]
[EventRounds "9"]
[EventCountry "ESP"]
[SourceTitle "Ajedrez en Madrid"]
[Source "lmi"]
[SourceDate "2018.03.28"]

1. Nf3 Nf6 2. d4 e6 3. c4 Bb4+ 4. Bd2 Be7 5. Nc3 d5 6. Qc2 O-O 7. cxd5 exd5 8.
Bg5 h6 9. Bh4 c6 10. e3 a5 11. Bd3 Na6 12. a3 Be6 13. O-O Nd7 14. Bg3 g5 15.
Bf5 Kg7 16. Ne5 Nxe5 17. Bxe5+ Bf6 18. f4 Bxe5 19. fxe5 Qe7 20. e4 Nc7 21. Rae1
Bxf5 22. Rxf5 Rad8 23. exd5 cxd5 24. Rf6 Ne6 25. Ne2 Rc8 26. Qd1 Rc4 27. Ng3
1-0

[Event "45. Torneo Internacional La Roda 2018"]
[Site "La Roda ESP"]
[Date "2018.03.28"]
[Round "1.7"]
[White "Luque Saiz, Andres"]
[Black "Popovic, Dusan"]
[Result "0-1"]
[WhiteElo "1976"]
[BlackElo "2534"]
[PlyCount "78"]
[EventDate "2018.03.28"]
[EventType "swiss"]
[EventRounds "9"]
[EventCountry "ESP"]
[SourceTitle "Ajedrez en Madrid"]
[Source "lmi"]
[SourceDate "2018.03.28"]

1. e4 d6 2. Nf3 Nf6 3. d3 g6 4. g3 Bg7 5. Bg2 c5 6. O-O Nc6 7. Nc3 Bg4 8. Be3
Ne5 9. Re1 h5 10. h3 Nxf3+ 11. Bxf3 Bxh3 12. e5 dxe5 13. Bxb7 Rb8 14. Bc6+ Bd7
15. Bxd7+ Nxd7 16. Rb1 f5 17. Bg5 Bf6 18. Bxf6 exf6 19. Kg2 Kf7 20. Qf3 Qb6 21.
Nd5 Qd6 22. Ne3 Rhc8 23. Nc4 Qc6 24. a3 Nb6 25. Qxc6 Rxc6 26. Na5 Rc7 27. Rec1
e4 28. b4 c4 29. dxc4 Nxc4 30. Nxc4 Rxc4 31. Rb3 Ke6 32. f4 Rd8 33. c3 Rd2+ 34.
Kf1 h4 35. Ke1 Rh2 36. gxh4 e3 37. Rd1 Rxf4 38. Rd3 Rf3 39. c4 f4 0-1

[Event "45. Torneo Internacional La Roda 2018"]
[Site "La Roda ESP"]
[Date "2018.03.28"]
[Round "1.8"]
[White "Vasquez Schroeder, Rodrigo"]
[Black "Garrido Collantes, Jose Manuel"]
[Result "1-0"]
[WhiteElo "2527"]
[BlackElo "1973"]
[PlyCount "57"]
[EventDate "2018.03.28"]
[EventType "swiss"]
[EventRounds "9"]
[EventCountry "ESP"]
[SourceTitle "Ajedrez en Madrid"]
[Source "lmi"]
[SourceDate "2018.03.28"]

1. e4 d6 2. d4 Nf6 3. Nc3 Nbd7 4. Nf3 e5 5. g3 Be7 6. Bg2 c6 7. a4 a5 8. O-O
O-O 9. b3 Re8 10. h3 Bf8 11. Re1 Qc7 12. Bb2 Nb6 13. Qd2 Bd7 14. Rad1 Rad8 15.
Qc1 Bc8 16. Kh2 Nbd7 17. Re2 exd4 18. Nxd4 Nc5 19. Rde1 Bd7 20. Kg1 Qc8 21. g4
Qb8 22. Qf4 Ne6 23. Nxe6 Rxe6 24. Rd1 Be8 25. Red2 Nd7 26. Ba3 Nb6 27. Qg5 Re5
28. Qxe5 dxe5 29. Rxd8 1-0

[Event "45. Torneo Internacional La Roda 2018"]
[Site "La Roda ESP"]
[Date "2018.03.28"]
[Round "1.9"]
[White "Iglesias Garcia, Jorge"]
[Black "Espinosa Aranda, Angel"]
[Result "0-1"]
[WhiteElo "1972"]
[BlackElo "2472"]
[PlyCount "88"]
[EventDate "2018.03.28"]
[EventType "swiss"]
[EventRounds "9"]
[EventCountry "ESP"]
[SourceTitle "Ajedrez en Madrid"]
[Source "lmi"]
[SourceDate "2018.03.28"]

1. d4 Nf6 2. Nf3 c5 3. c3 Qc7 4. e3 g6 5. Nbd2 Bg7 6. Bd3 O-O 7. O-O d6 8. e4
Nc6 9. d5 Nb8 10. Rb1 e6 11. c4 Na6 12. a3 Bd7 13. b3 Rae8 14. Bb2 e5 15. Ne1
Ng4 16. h3 Nh6 17. f4 exf4 18. Bxg7 Kxg7 19. Rxf4 f6 20. g4 Nf7 21. Ng2 Qa5 22.
Qc1 Ne5 23. Be2 b5 24. cxb5 Bxb5 25. Nc4 Bxc4 26. bxc4 Nc7 27. g5 fxg5 28. Rxf8
Rxf8 29. Qxg5 Qc3 30. Rf1 Rxf1+ 31. Kxf1 Nf7 32. Qe3 Qa1+ 33. Kf2 Qf6+ 34. Qf4
Ng5 35. Qxf6+ Kxf6 36. h4 Nxe4+ 37. Ke3 Ng3 38. Bd3 Nh5 39. Ke4 Ne8 40. Ne3 Ke7
41. Ng4 Nef6+ 42. Nxf6 Kxf6 43. Bc2 Ng7 44. Kf4 h5 0-1

[Event "45. Torneo Internacional La Roda 2018"]
[Site "La Roda ESP"]
[Date "2018.03.28"]
[Round "1.10"]
[White "Cifuentes Parada, Roberto"]
[Black "Perez Garcia, Jose Miguel"]
[Result "1-0"]
[WhiteElo "2465"]
[BlackElo "1969"]
[PlyCount "61"]
[EventDate "2018.03.28"]
[EventType "swiss"]
[EventRounds "9"]
[EventCountry "ESP"]
[SourceTitle "Ajedrez en Madrid"]
[Source "lmi"]
[SourceDate "2018.03.28"]

1. d4 f5 2. e4 fxe4 3. Nc3 Nf6 4. Bg5 g6 5. f3 d5 6. fxe4 dxe4 7. Qd2 Bg7 8.
Bc4 Bf5 9. Nge2 Nc6 10. O-O-O Na5 11. Bb3 Nxb3+ 12. axb3 O-O 13. h3 h5 14. Bh6
Rf7 15. Bxg7 Rxg7 16. Qe3 Nd5 17. Nxd5 Qxd5 18. Nc3 Qc6 19. d5 Qb6 20. Qe2 Qf6
21. Kb1 Qh4 22. Rhe1 e6 23. Qc4 Re8 24. Nxe4 Rge7 25. g3 Qxh3 26. Nf6+ Kf7 27.
Nxe8 Kxe8 28. dxe6 Bxe6 29. Qc3 c6 30. Qh8+ Kf7 31. Rd8 1-0

[Event "45. Torneo Internacional La Roda 2018"]
[Site "La Roda ESP"]
[Date "2018.03.28"]
[Round "1.11"]
[White "Cabañas Bravo, Juan Andres"]
[Black "Lariño Nieto, David"]
[Result "0-1"]
[WhiteElo "1967"]
[BlackElo "2452"]
[PlyCount "58"]
[EventDate "2018.03.28"]
[EventType "swiss"]
[EventRounds "9"]
[EventCountry "ESP"]
[SourceTitle "Ajedrez en Madrid"]
[Source "lmi"]
[SourceDate "2018.03.28"]

1. e4 a6 2. d4 h6 3. Bd3 d6 4. Be3 Nd7 5. Ne2 e5 6. c3 Ngf6 7. Ng3 h5 8. Bg5 h4
9. Nf5 h3 10. g3 g6 11. Ne3 Rh5 12. f4 exf4 13. gxf4 Bh6 14. Bxh6 Rxh6 15. Qf3
Nh5 16. O-O g5 17. f5 Nf4 18. Bc4 b5 19. Ng4 Rh4 20. Bb3 Bb7 21. Nd2 c5 22.
Rae1 cxd4 23. Qg3 d3 24. Bd1 Ne5 25. Rxf4 gxf4 26. Qxf4 Qb6+ 27. Kf1 O-O-O 28.
Qg3 Rxg4 29. Bxg4 Rg8 0-1

[Event "45. Torneo Internacional La Roda 2018"]
[Site "La Roda ESP"]
[Date "2018.03.28"]
[Round "1.12"]
[White "Oratovsky, Michael"]
[Black "Blesa Fernandez, Ignacio"]
[Result "1-0"]
[WhiteElo "2445"]
[BlackElo "1965"]
[PlyCount "115"]
[EventDate "2018.03.28"]
[EventType "swiss"]
[EventRounds "9"]
[EventCountry "ESP"]
[SourceTitle "Ajedrez en Madrid"]
[Source "lmi"]
[SourceDate "2018.03.28"]

1. e4 c5 2. Nf3 e6 3. g3 a6 4. Bg2 b6 5. O-O Bb7 6. Re1 d6 7. d4 cxd4 8. Nxd4
Qc7 9. b3 Nf6 10. Bb2 Be7 11. c4 O-O 12. Nc3 Nbd7 13. f4 Rac8 14. Rc1 Qb8 15.
e5 Ne8 16. exd6 Nxd6 17. Nd5 Bd8 18. Nxe6 fxe6 19. Rxe6 Nc5 20. Ne7+ Bxe7 21.
Rxe7 Rf7 22. Rxf7 Nxf7 23. Qg4 g6 24. f5 Ne5 25. Bxe5 Qxe5 26. Bxb7 Nxb7 27.
fxg6 Qc5+ 28. Kg2 Qc6+ 29. Kg1 hxg6 30. Rd1 Rf8 31. Re1 Qf6 32. Qe6+ Kg7 33.
Qxf6+ Kxf6 34. Kf2 Nc5 35. Rd1 Re8 36. h4 Re6 37. Kf3 a5 38. g4 Ne4 39. Rd4 Nd6
40. Rd5 Nf7 41. Kf4 Ke7 42. c5 Rf6+ 43. Ke4 b5 44. h5 gxh5 45. gxh5 Rf2 46. c6
Rc2 47. Rxb5 Rxc6 48. Rxa5 Ke6 49. Kd4 Nd6 50. Re5+ Kf6 51. Kd5 Ra6 52. Re6+
Kf7 53. Rxd6 Rxa2 54. b4 Rb2 55. Kc5 Ke7 56. Rg6 Kd7 57. Rg7+ Ke6 58. h6 1-0

[Event "45. Torneo Internacional La Roda 2018"]
[Site "La Roda ESP"]
[Date "2018.03.28"]
[Round "1.13"]
[White "Gillis Onieva, Celia"]
[Black "Ladron De Guevara Pinto, Paolo"]
[Result "0-1"]
[WhiteElo "1962"]
[BlackElo "2422"]
[PlyCount "70"]
[EventDate "2018.03.28"]
[EventType "swiss"]
[EventRounds "9"]
[EventCountry "ESP"]
[SourceTitle "Ajedrez en Madrid"]
[Source "lmi"]
[SourceDate "2018.03.28"]

1. d4 Nf6 2. c4 e6 3. g3 d5 4. Nf3 Bb4+ 5. Bd2 Be7 6. Bg2 c6 7. Qc2 Ne4 8. Bf4
g5 9. Be3 Nd6 10. b3 Nf5 11. Bd2 g4 12. Ne5 dxc4 13. Qxc4 Qxd4 14. Bc3 Qxc4 15.
Nxc4 f6 16. h3 gxh3 17. Bxh3 Ng7 18. Nbd2 b5 19. Na5 a6 20. Ne4 O-O 21. Rd1 Ra7
22. Nd6 Rd7 23. Nxc8 Rxd1+ 24. Kxd1 Rxc8 25. e4 c5 26. e5 f5 27. Bg2 Ne8 28.
Ke2 Nc7 29. Rd1 Rd8 30. Rxd8+ Bxd8 31. Nc6 Nxc6 32. Bxc6 Nd5 33. Kd3 Bc7 34.
Bb2 Nb4+ 35. Ke2 Nxc6 0-1

[Event "45. Torneo Internacional La Roda 2018"]
[Site "La Roda ESP"]
[Date "2018.03.28"]
[Round "1.14"]
[White "Campora, Daniel H."]
[Black "Gauche, Eduardo"]
[Result "1-0"]
[WhiteElo "2419"]
[BlackElo "1953"]
[PlyCount "35"]
[EventDate "2018.03.28"]
[EventType "swiss"]
[EventRounds "9"]
[EventCountry "ESP"]
[SourceTitle "Ajedrez en Madrid"]
[Source "lmi"]
[SourceDate "2018.03.28"]

1. e4 e5 2. Nf3 Nc6 3. Nc3 Nf6 4. Bb5 Nd4 5. Ba4 c6 6. d3 b5 7. Bb3 Nxb3 8.
axb3 d6 9. h3 b4 10. Ne2 c5 11. O-O g6 12. c4 bxc3 13. bxc3 Bg7 14. c4 O-O 15.
Nc3 h6 16. Bd2 Ne8 17. Nd5 Nc7 18. Ba5 1-0

[Event "45. Torneo Internacional La Roda 2018"]
[Site "La Roda ESP"]
[Date "2018.03.28"]
[Round "1.15"]
[White "Castro Perez, Manuel Angel"]
[Black "Stankovic, Milos"]
[Result "0-1"]
[WhiteElo "1949"]
[BlackElo "2416"]
[PlyCount "50"]
[EventDate "2018.03.28"]
[EventType "swiss"]
[EventRounds "9"]
[EventCountry "ESP"]
[SourceTitle "Ajedrez en Madrid"]
[Source "lmi"]
[SourceDate "2018.03.28"]

1. d4 Nf6 2. Nf3 g6 3. c4 Bg7 4. Nc3 d5 5. Qb3 dxc4 6. Qxc4 O-O 7. e4 a6 8. Bf4
b5 9. Qc5 Bb7 10. Bd3 Nbd7 11. Qa3 c5 12. dxc5 Nxc5 13. Qxc5 Qxd3 14. Rd1 Nxe4
15. Qb6 Bxc3+ 16. bxc3 Qxc3+ 17. Nd2 Nxd2 18. Bxd2 Qe5+ 19. Kf1 Qd5 20. f3 Rfd8
21. Ke2 Rd6 22. Qa5 Rad8 23. a3 Qc4+ 24. Kf2 Qh4+ 25. Ke2 Bd5 0-1

[Event "45. Torneo Internacional La Roda 2018"]
[Site "La Roda ESP"]
[Date "2018.03.28"]
[Round "1.16"]
[White "Suarez Uriel, Adrian"]
[Black "Bombin Pinera, Dionisio"]
[Result "1-0"]
[WhiteElo "2412"]
[BlackElo "1947"]
[PlyCount "42"]
[EventDate "2018.03.28"]
[EventType "swiss"]
[EventRounds "9"]
[EventCountry "ESP"]
[SourceTitle "Ajedrez en Madrid"]
[Source "lmi"]
[SourceDate "2018.03.28"]

1. e4 e6 2. d4 d5 3. Nc3 dxe4 4. Nxe4 Bd7 5. Nf3 Bc6 6. Bd3 Nd7 7. O-O Ngf6 8.
Ng3 Be7 9. Re1 O-O 10. c3 b6 11. Qe2 Bxf3 12. Qxf3 c5 13. Bg5 cxd4 14. cxd4 Re8
15. Rac1 h6 16. Bd2 Nd5 17. Nh5 N7f6 18. Nxg7 Kxg7 19. Qg3+ Kh8 20. Bxh6 Nh5
21. Qh3 Bh4 1-0

[Event "45. Torneo Internacional La Roda 2018"]
[Site "La Roda ESP"]
[Date "2018.03.28"]
[Round "1.17"]
[White "Costa Grau, Adrian"]
[Black "Pilgaard, Kim"]
[Result "0-1"]
[WhiteElo "1936"]
[BlackElo "2397"]
[PlyCount "66"]
[EventDate "2018.03.28"]
[EventType "swiss"]
[EventRounds "9"]
[EventCountry "ESP"]
[SourceTitle "Ajedrez en Madrid"]
[Source "lmi"]
[SourceDate "2018.03.28"]

1. e4 e5 2. Nf3 Nc6 3. d4 exd4 4. Bc4 Bc5 5. c3 Nf6 6. cxd4 Bb4+ 7. Bd2 Nxe4 8.
Bxb4 Nxb4 9. Qb3 d5 10. Qxb4 dxc4 11. O-O Qd6 12. Qxc4 O-O 13. Nc3 Nxc3 14.
bxc3 c6 15. Qb3 b5 16. Rfe1 Be6 17. Qb2 Bd5 18. Ne5 Rfe8 19. Nd3 Bxg2 20. Qd2
Bd5 21. Nf4 Qh6 22. Rxe8+ Rxe8 23. Re1 Qg5+ 24. Kf1 Bc4+ 25. Nd3 Rxe1+ 26. Kxe1
Qg1+ 27. Ke2 Qxh2 28. Qe3 Kf8 29. Kd2 Qd6 30. Ne5 Bxa2 31. Qf4 Qh6 32. Qxh6
gxh6 33. Nxc6 a5 0-1

[Event "45. Torneo Internacional La Roda 2018"]
[Site "La Roda ESP"]
[Date "2018.03.28"]
[Round "1.18"]
[White "Merario Alarcon, Andres"]
[Black "Aledo Yanguas, David"]
[Result "1-0"]
[WhiteElo "2384"]
[BlackElo "1928"]
[PlyCount "83"]
[EventDate "2018.03.28"]
[EventType "swiss"]
[EventRounds "9"]
[EventCountry "ESP"]
[SourceTitle "Ajedrez en Madrid"]
[Source "lmi"]
[SourceDate "2018.03.28"]

1. d4 Nf6 2. c4 e6 3. Nf3 b6 4. g3 Bb7 5. Bg2 c5 6. d5 exd5 7. cxd5 Bxd5 8. Nc3
Bb7 9. e4 Nc6 10. O-O Be7 11. Nh4 d6 12. Nf5 O-O 13. Re1 Ne5 14. f4 Nc6 15. Nd5
Ne8 16. b3 g6 17. Bb2 f6 18. e5 fxe5 19. Ndxe7+ Nxe7 20. Nh6+ Kg7 21. Bxb7 Rb8
22. Ng4 Rxb7 23. Bxe5+ Nf6 24. Bxf6+ Rxf6 25. Nxf6 Kxf6 26. Qf3 d5 27. Re5 Rd7
28. Rae1 d4 29. Qd3 Nf5 30. Re8 Qc7 31. Qc4 Rf7 32. R1e6+ Kg7 33. Qd5 Rd7 34.
Qa8 Kf7 35. Rc6 Qb7 36. Rf8+ Kg7 37. Rg8+ Kh6 38. Qf8+ Rg7 39. Qxf5 Rxg8 40.
Qg5+ Kg7 41. Qe5+ Kh6 42. Rc7 1-0

[Event "45. Torneo Internacional La Roda 2018"]
[Site "La Roda ESP"]
[Date "2018.03.28"]
[Round "1.19"]
[White "Murillo Lopez, Francisco"]
[Black "Diez Fraile, David"]
[Result "0-1"]
[WhiteElo "1631"]
[BlackElo "2115"]
[PlyCount "76"]
[EventDate "2018.03.28"]
[EventType "swiss"]
[EventRounds "9"]
[EventCountry "ESP"]
[SourceTitle "Ajedrez en Madrid"]
[Source "lmi"]
[SourceDate "2018.03.28"]

1. e4 c6 2. Nc3 d5 3. Nf3 Bg4 4. h3 Bxf3 5. gxf3 e6 6. d4 Nf6 7. Qd3 Nbd7 8.
Be3 Nb6 9. b3 Ba3 10. Rg1 g6 11. Bc1 Bxc1 12. Rxc1 Qe7 13. e5 Nh5 14. a4 Qb4
15. Qd2 a6 16. Ne4 Qxd2+ 17. Nxd2 f6 18. exf6 O-O 19. a5 Nd7 20. b4 Rxf6 21.
Be2 Raf8 22. Nb3 Nf4 23. Rg3 e5 24. Nc5 Nxc5 25. dxc5 e4 26. fxe4 Nxe2 27. Kxe2
Rxf2+ 28. Ke3 dxe4 29. Rg4 R2f3+ 30. Kxe4 Rxh3 31. Ke5 Rd8 32. Rf1 Kg7 33. Rff4
Re3+ 34. Re4 Re8+ 35. Kd4 R3xe4+ 36. Rxe4 Rxe4+ 37. Kxe4 Kf6 38. c4 g5 0-1

[Event "45. Torneo Internacional La Roda 2018"]
[Site "La Roda ESP"]
[Date "2018.03.28"]
[Round "1.20"]
[White "Sanchez Garcia, Manuel"]
[Black "Quintin Navarro, Alberto"]
[Result "0-1"]
[WhiteElo "1926"]
[BlackElo "2380"]
[PlyCount "114"]
[EventDate "2018.03.28"]
[EventType "swiss"]
[EventRounds "9"]
[EventCountry "ESP"]
[SourceTitle "Ajedrez en Madrid"]
[Source "lmi"]
[SourceDate "2018.03.28"]

1. Nf3 Nf6 2. g3 d5 3. Bg2 c6 4. d4 Bf5 5. Nbd2 e6 6. c4 Nbd7 7. Nh4 Bg4 8. Qc2
Be7 9. h3 Bh5 10. Nhf3 O-O 11. O-O Bg6 12. Qb3 Qb6 13. Qxb6 axb6 14. Ne5 Nxe5
15. dxe5 Nd7 16. f4 Rfd8 17. cxd5 cxd5 18. Nf3 Nc5 19. Be3 Ra4 20. Nd4 Be4 21.
b3 Raa8 22. Nf3 Ra3 23. Bd4 Rda8 24. b4 Rxa2 25. Rxa2 Rxa2 26. bxc5 bxc5 27.
Ra1 Rxa1+ 28. Bxa1 b5 29. Nd2 Bc2 30. Kf2 c4 31. Ke3 Bc5+ 32. Bd4 Ba3 33. Nf3
Bc1+ 34. Kf2 b4 35. Ne1 Bb1 36. e3 b3 37. Ke2 b2 38. Kd1 Ba2 39. Bxb2 Bxb2 40.
Nc2 Bb1 41. Bf1 f6 42. exf6 gxf6 43. e4 Ba2 44. exd5 exd5 45. Ne3 Bb3+ 46. Kd2
c3+ 47. Kd3 Ba4 48. Bg2 Bb5+ 49. Kc2 d4 50. Bd5+ Kf8 51. Nc4 Ba4+ 52. Kb1 d3
53. Bf3 Bc2+ 54. Ka2 Bc1 55. Be4 h6 56. Nb6 Be3 57. Nd5 Bb1+ 0-1

[Event "45. Torneo Internacional La Roda 2018"]
[Site "La Roda ESP"]
[Date "2018.03.29"]
[Round "2.1"]
[White "Fedorchuk, Sergey A."]
[Black "Baquedano Coarasa, Pablo"]
[Result "1-0"]
[WhiteElo "2642"]
[BlackElo "2156"]
[PlyCount "119"]
[EventDate "2018.03.28"]
[EventType "swiss"]
[EventRounds "9"]
[EventCountry "ESP"]
[SourceTitle "Ajedrez en Madrid"]
[Source "lmi"]
[SourceDate "2018.03.28"]

1. e4 c5 2. Nf3 d6 3. d4 cxd4 4. Nxd4 Nf6 5. Nc3 a6 6. Be3 e5 7. Nf3 Be7 8. Bc4
h6 9. O-O O-O 10. Re1 Be6 11. Bb3 Nbd7 12. Nh4 Kh7 13. Qf3 Ng4 14. Bxe6 Nxe3
15. Bf5+ Nxf5 16. Nxf5 g6 17. Ne3 Bg5 18. Nc4 Nb6 19. Nxb6 Qxb6 20. Rab1 Rac8
21. Re2 Rc4 22. Nd5 Qa5 23. a3 f5 24. c3 Kg7 25. Qd3 Qc5 26. Rf1 Qc6 27. g3 b5
28. h4 Bd8 29. Rd1 fxe4 30. Rxe4 Bb6 31. Rd2 Bc5 32. Rxc4 bxc4 33. Qxg6+ Kxg6
34. Ne7+ Kf6 35. Nxc6 Ke6 36. Kg2 Rc8 37. Nb4 a5 38. Nd5 Rf8 39. f3 Rg8 40. h5
Rg7 41. g4 e4 42. Nf4+ Kd7 43. Ng6 e3 44. Re2 d5 45. f4 Kd6 46. Kf3 d4 47. Nh4
Kd5 48. cxd4 Bxd4 49. Nf5 Rb7 50. Nxe3+ Bxe3 51. Kxe3 Rb3+ 52. Kf2 Rh3 53. Kg2
Rh4 54. Kg3 Rh1 55. f5 Rg1+ 56. Rg2 Rf1 57. Rf2 Rg1+ 58. Kh3 Rh1+ 59. Kg2 Rh4
60. Kg3 1-0

[Event "45. Torneo Internacional La Roda 2018"]
[Site "La Roda ESP"]
[Date "2018.03.29"]
[Round "2.2"]
[White "Ramos Del Campo, Alexander"]
[Black "Perez Candelario, Manuel"]
[Result "0-1"]
[WhiteElo "2154"]
[BlackElo "2586"]
[PlyCount "68"]
[EventDate "2018.03.28"]
[EventType "swiss"]
[EventRounds "9"]
[EventCountry "ESP"]
[SourceTitle "Ajedrez en Madrid"]
[Source "lmi"]
[SourceDate "2018.03.28"]

1. e4 g6 2. d4 Bg7 3. Nc3 c6 4. Nf3 d6 5. h3 b5 6. Bd3 Nd7 7. O-O Bb7 8. a4 b4
9. Ne2 Qc7 10. a5 Rb8 11. Be3 Ngf6 12. e5 Nd5 13. e6 fxe6 14. Ng5 Nf8 15. Nf4
Nxf4 16. Bxf4 Bxd4 17. Be3 Bf6 18. Bxa7 Bxg5 19. Bxb8 Qxb8 20. Qg4 Bf6 21. Qxb4
Qa7 22. a6 Ba8 23. h4 e5 24. h5 gxh5 25. Be2 h4 26. Bh5+ Ng6 27. Qb3 d5 28. c4
O-O 29. Bxg6 hxg6 30. Qc2 e4 31. c5 Bd4 32. Rac1 Kg7 33. Kh1 Qxa6 34. Rcd1 Qb5
0-1

[Event "45. Torneo Internacional La Roda 2018"]
[Site "La Roda ESP"]
[Date "2018.03.29"]
[Round "2.3"]
[White "Ibarra Jerez, Jose Carlos"]
[Black "Redondo Benavente, Ana"]
[Result "1-0"]
[WhiteElo "2569"]
[BlackElo "2136"]
[PlyCount "91"]
[EventDate "2018.03.28"]
[EventType "swiss"]
[EventRounds "9"]
[EventCountry "ESP"]
[SourceTitle "Ajedrez en Madrid"]
[Source "lmi"]
[SourceDate "2018.03.28"]

1. g3 e5 2. Bg2 Nf6 3. d3 c6 4. Nf3 Be7 5. O-O d6 6. e4 Be6 7. Nc3 O-O 8. h3 a5
9. d4 Nfd7 10. Be3 Bc4 11. Re1 g6 12. Qd2 Bf6 13. Rad1 Qe7 14. h4 Rd8 15. Nh2
c5 16. dxc5 Nxc5 17. Ng4 Rd7 18. Bh3 Bg7 19. Nh6+ Bxh6 20. Bxh6 Ne6 21. Qe3 b5
22. b3 b4 23. Na4 Bb5 24. Nb6 Ra6 25. Nd5 Qd8 26. Bg5 Nxg5 27. Bxd7 Nf3+ 28.
Qxf3 Nxd7 29. Rd2 Nc5 30. Red1 Ne6 31. Qe3 Rc6 32. a3 Nd4 33. axb4 Nxc2 34. Qg5
Qxg5 35. hxg5 Nxb4 36. Ne7+ Kg7 37. Nxc6 Nxc6 38. Rxd6 Nd4 39. R1xd4 exd4 40.
Rxd4 Bc6 41. f3 h6 42. gxh6+ Kxh6 43. Kf2 Kg5 44. Rc4 Bd7 45. Rc5+ f5 46. Rxa5
1-0